书目信息 |
| 题名: |
大学英语阅读教程
|
|
| 作者: | 韩晓玲 , 贾学勤 主编 ;王洪强 , 王怡芳 , 杨春苑 册主编 | |
| 分册: | 下 | |
| 出版信息: | 青岛 中国海洋大学出版社 2003.9 |
|
| 页数: | 395页 | |
| 开本: | 26cm | |
| 丛书名: | ||
| 单 册: | ||
| 中图分类: | H319.4 | |
| 科图分类: | ||
| 主题词: | 英语--阅读教学--高等学校--教材 , 英语 , 阅读教学 | |
| 电子资源: | ||
| ISBN: | 7-81067-492-7 | |
| 000 | 01420nam0 2200385 450 | |
| 000 | 01446nam0 2200385 450 | |
| 000 | 01409nam0 2200373 450 | |
| 000 | 01392nam0 2200373 450 | |
| 000 | 01355nam0 2200361 450 | |
| 001 | CAL 012006040438 | |
| 005 | 20061027163730.01 | |
| 010 | @a7-81067-492-7@dCNY28.00 | |
| 099 | @aCAL 012006040438 | |
| 100 | @a20060825d2003 em y0chiy0120 ea | |
| 101 | 0 | @achi@aeng |
| 102 | @aCN@b370000 | |
| 105 | @aa z 000yy | |
| 200 | 1 | @a大学英语阅读教程@Ada xue ying yu yue du jiao cheng@h下@d= College English after-class reading@f韩晓玲, 贾学勤主编@g杨春苑, 王洪强册主编@g王怡芳等编@zeng |
| 210 | @a青岛@c中国海洋大学出版社@d2003.9 | |
| 215 | @a395页@c图@d26cm | |
| 304 | @a本书编者为: 王怡芳、王洪强、田丽丽等 | |
| 330 | @a本教材共分上、下两册, 本书为下册, 包括25个单元, 每单元由两课组成, 每课按照以下顺序安排: Pre-reading, Text, New Words, Phrases andExpressions, Proper Names等。 | |
| 333 | @a阅读对象: 大学二年级学生 | |
| 510 | 1 | @aCollege English after-class reading@zeng |
| 606 | 0 | @a英语@x阅读教学@x高等学校@j教材 |
| 606 | 0 | @a英语 |
| 606 | 0 | @a阅读教学 |
| 690 | @aH319.4@v4 | |
| 701 | 0 | @a韩晓玲@Ahan xiao ling@4主编 |
| 701 | 0 | @a贾学勤@Ajia xue qin@4主编 |
| 702 | 0 | @a王洪强@Awang hong qiang@4册主编 |
| 702 | 0 | @a王怡芳@Awang yi fang@4编 |
| 702 | 0 | @a杨春苑@Ayang chun yuan@4册主编 |
| 801 | 0 | @aCN@c20061027 |
| 905 | @apdsgxy@dH319.4@eH100 | |
| 大学英语阅读教程.下= College English after-class reading/韩晓玲, 贾学勤主编/杨春苑, 王洪强册主编/王怡芳等编.-青岛:中国海洋大学出版社,2003.9 |
| 395页:图;26cm |
| 使用对象:阅读对象: 大学二年级学生 |
| ISBN 7-81067-492-7:CNY28.00 |
| 本教材共分上、下两册, 本书为下册, 包括25个单元, 每单元由两课组成, 每课按照以下顺序安排: Pre-reading, Text, New Words, Phrases andExpressions, Proper Names等。 |
| ● |
| 相关链接 |
|
|
|
正题名:大学英语阅读教程
索取号:H319.4/H100
 
预约/预借
| 序号 | 登录号 | 条形码 | 馆藏地/架位号 | 状态 | 备注 |
| 1 | 630921 | 206309216 | 语言库209/209语言库 45排3列1层/ [索取号:H319.4/H100] | 在馆 | |
| 2 | 630922 | 206309225 | 语言库209/209语言库 45排3列1层/ [索取号:H319.4/H100] | 在馆 | |
| 3 | 630923 | 206309234 | 语言库209/209语言库 45排3列1层/ [索取号:H319.4/H100] | 在馆 |